Top 30 50 Cent Songs - Statistics

General Stats
  • This quiz has been taken 10 times
  • The average score is 10 of 30
Answer Stats
# Song Rating % Correct
3. In da Club 92
100%
4. P.I.M.P. 89
88%
5. 21 Questions 87
75%
11. Candy Shop 83
75%
14. Disco Inferno 81
75%
2. Many Men (Wish Death) 93
75%
17. If I Can't 80
63%
12. Just a Lil Bit 81
63%
25. Ayo Technology 76
50%
13. High All the Time 81
38%
6. Wanksta 85
38%
1. Baby By Me 95
25%
20. Back Down 79
25%
8. Crack a Bottle 84
25%
29. Heat 75
25%
9. Patiently Waiting 83
25%
15. What Up Gangsta 81
25%
22. Don't Push Me 78
13%
19. Life's on the Line 79
13%
10. Love Me 83
13%
30. Outta Control 75
13%
23. Ski Mask Way 77
13%
28. U Not Like Me 75
13%
26. Gatman and Robbin 76
0%
21. Guess Who's Back? Freestyle 78
0%
7. Hate It or Love It (G-Unit Remix) 85
0%
24. I'm Supposed to Die Tonight 76
0%
16. Places to Go 81
0%
27. Position of Power 76
0%
18. Psycho 79
0%
No matching quizzes found
Score Distribution
Percent of People with Each Score
Percentile by Number Answered
Your Score History
You have not taken this quiz